Obra poética (Record no. 186404)

MARC details
000 -LEADER
campo de control de longitud fija 00881nam a2200253 i 4500
001 - NÚMERO DE CONTROL
campo de control 186404
003 - IDENTIFICADOR DE NÚMERO DE CONTROL
campo de control SpMaBN
005 - FECHA Y HORA DE LA ÚLTIMA TRANSACCIÓN
campo de control 20230906222650.0
008 - DATOS DE LONGITUD FIJA--INFORMACIÓN GENERAL
campo de control de longitud fija 161107s1993 sp |||| |dspa d
020 ## - NÚMERO INTERNACIONAL ESTÁNDAR DEL LIBRO
Número Internacional Estándar del Libro 84-7676-251-8
080 ## - NÚMERO DE LA CLASIFICACIÓN DECIMAL UNIVERSAL
Número de la Clasificación Decimal Universal 821.133.1-14"18"
100 1# - ENTRADA PRINCIPAL--NOMBRE DE PERSONA
Nombre de persona Laforgue, Jules.
9 (RLIN) 69518
245 10 - MENCIÓN DEL TÍTULO
Título Obra poética
Resto del título = Oeuvre poétique /
Mención de responsabilidad, etc. Jules Laforgue ; cronología, introducción, traducción inédita y notas de Juan Bravo Castillo.
246 31 - FORMA VARIANTE DEL TITULO
Título propio/Titulo breve Oeuvre poétique
260 ## - PUBLICACIÓN, DISTRIBUCIÓN, ETC.
Lugar de publicación, distribución, etc. Barcelona :
Nombre del editor, distribuidor, etc. Bosch,
Fecha de publicación, distribución, etc. [1993]
300 ## - DESCRIPCIÓN FÍSICA
Extensión 473 p. ;
Dimensiones 19 cm.
490 1# - MENCIÓN DE SERIE
Mención de serie Erasmo, textos bilingües
504 ## - NOTA DE BIBLIOGRAFÍA, ETC.
Nota de bibliografía, etc. Bibliografía: p. 41-45.
546 ## - NOTA DE IDIOMA
Nota de lengua/lenguaje Texto en francés y traducción en español.
700 1# - ENTRADA AGREGADA--NOMBRE PERSONAL
Nombre de persona Bravo Castillo, Juan.
9 (RLIN) 31474
830 0# - PUNTO DE ACCESO ADICIONAL DE SERIE-TÍTULO UNIFORME
Título uniforme Erasmo, textos bilingües
9 (RLIN) 192558
852 ## - LOCALIZACIÓN
Ubicación ES-MaACL
Número de control de estantería L-30771
Nota libre . - Donat. Miguel A. Velasco
Holdings
Estatus retirado Estado de pérdida Estado de daño No para préstamo Biblioteca de origen Biblioteca actual Ubicación en estantería Fecha de adquisición Fuente de adquisición Total de préstamos Signatura topográfica completa Código de barras Visto por última vez Precio de reemplazo Tipo de ítem Koha
        Biblioteca del Ateneo de Madrid Biblioteca del Ateneo de Madrid Depósito 2 07/11/2016     L-30771 1196562 23/02/2023 23/02/2023 Libro impreso